000 00564nam a22001577a 4500
020 _a9788126537884
082 _a658.15
100 _aDamodaran,Aswath
245 _aApplied corporate finance
250 _a3rd
260 _aNew Delhi
_bWiley
_c2011
300 _a738
942 _cBK
999 _c350062
_d350062